000 00428cam a2200169ua 4500
020 _c1.00
041 _amal
_h
082 _a894.812308
_bMAT/VI
100 _aMathayi, Pannakkal .
245 _aVilakkananju nakshathrangal maranju /
_cMathayi Pannakkal.
_hTextual Documents
260 _aThrissur :
_bCurrent Books ,
_c1959.
300 _a63 ; .
365 _a1.00
504 _a
942 _cBK
999 _c4532
_d4532